| 000 | 00370nam a2200145Ia 4500 | ||
|---|---|---|---|
| 008 | 210716s1983 xx 000 0 und d | ||
| 020 | _a0312678002 | ||
| 041 | _aeng | ||
| 082 | _a153.4 COUJ | ||
| 100 | _aCoulter, Jeff. | ||
| 245 | _aRethinking cognitve theory. | ||
| 260 |
_aNew York _bSt Martins Press Inc _c1983 |
||
| 300 | _axi,179 | ||
| 650 | _aGeneral Management | ||
| 999 |
_c200562 _d200562 |
||